[Event "ch-CHN 2016"]
[Site "Xinghua CHN"]
[Date "2016.04.21"]
[Round "5.5"]
[White "Wen, Yang"]
[Black "Zeng, Chongsheng"]
[Result "1/2-1/2"]
[WhiteTitle "GM"]
[BlackTitle "GM"]
[WhiteElo "2614"]
[BlackElo "2549"]
[WhiteFideId "8602956"]
[BlackFideId "8603847"]
[EventDate "2016.04.17"]

1. d4 Nf6 2. Bg5 e6 3. e4 h6 4. Bxf6 Qxf6 5. c3 d5 6. Bd3 c5 7. Nf3 Nc6 8. O-O
dxe4 9. Bxe4 Bd7 10. Na3 cxd4 11. cxd4 Bxa3 12. bxa3 O-O 13. Rb1 Rab8 14. Qe2
Rfd8 15. Rfd1 Be8 16. d5 exd5 17. Bxd5 Rd7 18. Rd2 Rbd8 19. Rbd1 Re7 20. Qc4 Rc8
21. Qg4 Rcc7 22. h3 Ne5 23. Nxe5 Rxe5 24. Bb3 Rg5 25. Qd4 Qf3 26. g3 Bc6 27.
Qd8+ Kh7 28. Qd3+ Be4 29. Qxf3 Bxf3 30. Re1 Rgc5 31. Kh2 Rc3 32. g4 g6 33. Re8
Kg7 34. Rd4 Bc6 35. Re2 Rf3 36. Rd6 Rd7 37. Rxd7 Bxd7 38. Bd5 Rd3 39. Bxb7 Be6
40. a4 Ra3 41. Bc6 Kf6 42. f4 h5 43. Re5 hxg4 44. hxg4 Bxg4 45. Ra5 Bf3 46. Bd7
Rxa2+ 47. Kg3 Ra3 48. Rxa7 Be4+ 49. Kh4 Rf3 50. Kg4 Rd3 51. Kh4 Bd5 52. Bg4 Be6 1/2-1/2

[Event "ch-CHN 2016"]
[Site "Xinghua CHN"]
[Date "2016.04.21"]
[Round "5.6"]
[White "Bai, Jinshi"]
[Black "Xu, Yinglun"]
[Result "1/2-1/2"]
[WhiteTitle "GM"]
[WhiteElo "2564"]
[BlackElo "2523"]
[WhiteFideId "8602280"]
[BlackFideId "8604940"]
[EventDate "2016.04.17"]

1. Nf3 Nf6 2. g3 d5 3. Bg2 c6 4. O-O Bg4 5. d3 Nbd7 6. h3 Bh5 7. c4 Bxf3 8. Bxf3
dxc4 9. dxc4 Ne5 10. Qb3 Nxf3+ 11. exf3 Qb6 12. Be3 Qxb3 13. axb3 a6 14. b4 e6
15. b5 cxb5 16. cxb5 Bb4 17. Nc3 O-O 18. bxa6 bxa6 19. Ra4 a5 20. Na2 Be7 21.
Rc1 Rfb8 22. Rc2 Nd5 23. Bd2 Bf6 24. b4 axb4 25. Rxa8 Rxa8 26. Nxb4 Nxb4 27.
Bxb4 h5 28. Bd2 Rb8 29. Be3 Ra8 30. Kg2 g6 31. h4 Kg7 1/2-1/2

[Event "ch-CHN 2016"]
[Site "Xinghua CHN"]
[Date "2016.04.22"]
[Round "6.1"]
[White "Zhou, Weiqi"]
[Black "Xu, Yinglun"]
[Result "1/2-1/2"]
[WhiteTitle "GM"]
[WhiteElo "2635"]
[BlackElo "2523"]
[WhiteFideId "8601674"]
[BlackFideId "8604940"]
[EventDate "2016.04.17"]

1. Nf3 Nf6 2. g3 d5 3. Bg2 e6 4. O-O Be7 5. d4 c6 6. c4 Nbd7 7. Nc3 O-O 8. b3 b6
9. Nd2 Ba6 10. e4 dxc4 11. Nxc4 e5 12. Ne2 Bxc4 13. bxc4 exd4 14. Nxd4 Ne5 15.
Bf4 Nfd7 16. Qe2 Bc5 17. Rad1 Qc8 18. Bh3 Qb7 19. Nb3 Rfe8 20. Bxe5 Nxe5 21.
Nxc5 bxc5 22. f4 Ng6 23. Rd7 Qb4 24. Rfd1 Qc3 25. Bg4 Nf8 26. R7d2 g6 27. e5
Rab8 28. Rc2 Qa5 29. Qf2 Red8 30. Re1 Ne6 31. Bxe6 fxe6 32. Kg2 Rd4 33. Re3 Rb4
34. Qe2 Qd8 35. Rb3 a5 36. Qf3 Qd7 37. a3 Rdxc4 38. Rxc4 Rxc4 39. Kh3 Kg7 40.
Qe2 Rd4 41. Qa6 Qf7 42. Rb7 Rd7 43. Rxd7 Qxd7 44. Qxa5 c4 45. Qc5 Qd3 46. Qe7+
Kh6 47. Qg5+ Kg7 48. Qf6+ Kh6 49. Qg5+ Kg7 50. Qf6+ Kh6 51. Qg5+ 1/2-1/2

[Event "ch-CHN 2016"]
[Site "Xinghua CHN"]
[Date "2016.04.22"]
[Round "6.2"]
[White "Zeng, Chongsheng"]
[Black "Bai, Jinshi"]
[Result "1/2-1/2"]
[WhiteTitle "GM"]
[BlackTitle "GM"]
[WhiteElo "2549"]
[BlackElo "2564"]
[WhiteFideId "8603847"]
[BlackFideId "8602280"]
[EventDate "2016.04.17"]

1. e4 e5 2. Nf3 Nf6 3. Nc3 Bb4 4. Nxe5 O-O 5. Be2 d6 6. Nd3 Bxc3 7. dxc3 Nxe4 8.
O-O Re8 9. Re1 Nd7 10. Bf1 b6 11. Be3 Bb7 12. f3 Ng5 13. Qd2 h6 14. Qf2 Ne5 15.
Qg3 Nexf3+ 16. gxf3 Nxf3+ 17. Kf2 Qf6 18. Bf4 Nxe1 19. Rxe1 Rxe1 20. Kxe1 Re8+
21. Kd2 Be4 22. Be2 Re6 23. Be3 c5 24. Nf2 Bf5 25. Bc4 Re8 26. Qf3 Qe5 27. h3 h5
28. Bd5 Re7 29. c4 Be6 30. Bxe6 Rxe6 31. b3 h4 32. Kd3 f5 33. Kd2 Qg3 34. Qf4 g6
35. Qg5 Kf7 36. Qh6 Kg8 37. Qg5 Kf7 38. Nd3 Qxh3 39. Bf4 Ke8 40. Qh6 Qh1 41.
Qh8+ Kd7 42. Qg7+ Kc8 43. Qg8+ Kd7 44. Qf7+ Re7 45. Qxg6 Qc6 46. Qxf5+ Kc7 47.
Qf6 Rh7 48. Qg6 Rd7 49. Qg4 Rh7 50. Qg6 Rd7 51. Qg4 Rh7 52. Nf2 Qd7 53. Qf3 h3
54. Bh2 Qg7 55. c3 Qg5+ 56. Kd3 Qg2 57. Qf4 Rd7 58. Ne4 Qxa2 59. Nd2 Qa1 60. Qf3
Rh7 61. Qf5 Rd7 62. Qxh3 Qd1 63. Qf5 a5 64. Qe4 a4 65. b4 cxb4 66. cxb4 Qc1 67.
Qd4 Qa3+ 68. Qc3 Qxc3+ 69. Kxc3 Rh7 70. Bg3 Kd7 71. Ne4 Rh3 72. Kb2 a3+ 73. Ka2
Rh6 74. Bf2 Rh3 75. Bxb6 Rh4 76. Nc3 Rxc4 77. Kb3 Rc8 78. Bd4 Ra8 79. Na4 Kc6
80. Nc3 d5 81. Nb1 a2 82. Na3 Rg8 83. b5+ Kd6 84. Kxa2 Rg3 85. Kb2 Rd3 86. Nc2
Kc7 87. Bc5 Rh3 88. Ne3 d4 89. Bxd4 Rh5 90. b6+ Kb7 91. Nc4 Ka6 92. Kb3 Rb5+ 93.
Kc3 Rd5 94. Kd3 Kb5 95. Kc3 Ka6 96. Be3 Rd7 97. Kb4 Rd5 98. Bc5 Rh5 99. Nd6 Rh6
100. Nc4 Rh5 101. Bf2 Rf5 102. Be3 Rb5+ 103. Kc3 Rd5 104. Bd4 Rd7 105. Bg1 Rd5
106. Be3 Rd7 107. Kb4 Rd5 108. Bc5 Rh5 109. Ne3 Rh6 110. Nd5 Rh4+ 111. Kc3 Kb5
112. Bd4 Rh3+ 113. Ne3 Rh7 114. Kd3 Rd7 115. Nc4 Rd8 116. Kc3 Rc8 117. Kd3 Rd8 1/2-1/2

[Event "ch-CHN 2016"]
[Site "Xinghua CHN"]
[Date "2016.04.22"]
[Round "6.3"]
[White "Zhou, Jianchao"]
[Black "Wen, Yang"]
[Result "1/2-1/2"]
[WhiteTitle "GM"]
[BlackTitle "GM"]
[WhiteElo "2612"]
[BlackElo "2614"]
[WhiteFideId "8603537"]
[BlackFideId "8602956"]
[EventDate "2016.04.17"]

1. d4 d5 2. c4 c6 3. cxd5 cxd5 4. Bf4 Nf6 5. Nc3 Nc6 6. e3 a6 7. Bd3 Bg4 8. Nge2
e6 9. Qb3 Na5 10. Qa4+ Nc6 11. Qb3 Na5 12. Qa4+ Nc6 13. Qb3 1/2-1/2

[Event "ch-CHN 2016"]
[Site "Xinghua CHN"]
[Date "2016.04.22"]
[Round "6.4"]
[White "Zhao, Jun"]
[Black "Gao, Rui"]
[Result "1/2-1/2"]
[WhiteTitle "GM"]
[BlackTitle "GM"]
[WhiteElo "2634"]
[BlackElo "2552"]
[WhiteFideId "8602522"]
[BlackFideId "8602387"]
[EventDate "2016.04.17"]

1. e4 c5 2. Nf3 d6 3. d4 cxd4 4. Nxd4 Nf6 5. Nc3 a6 6. Be3 e5 7. Nb3 Be6 8. f3
Be7 9. Qd2 O-O 10. O-O-O Nbd7 11. g4 b5 12. g5 b4 13. Ne2 Ne8 14. f4 a5 15. f5
Bxb3 16. cxb3 a4 17. bxa4 Rxa4 18. Kb1 Rxa2 19. Nc1 Ra8 20. Nb3 Qc7 21. Qd5 Bxg5
22. Rc1 Qb8 23. Bxg5 Nef6 24. Bxf6 Nxf6 25. Qc4 Qa7 26. Be2 Ng4 27. Bxg4 Qa2+
28. Kc2 Rac8 29. Be2 Rxc4+ 30. Bxc4 Rc8 31. Kd3 Qxb2 32. Rhd1 d5 33. Bxd5 Rc3+
34. Rxc3 Qxc3+ 35. Ke2 Qh3 36. Ra1 h5 37. Ra8+ Kh7 38. Bxf7 Qxh2+ 39. Kd3 Qg3+
40. Kc4 Qc3+ 41. Kb5 Qd3+ 42. Kc6 Qxe4+ 43. Bd5 Qxf5 44. Nc5 g6 45. Be4 Qf2 46.
Rd8 h4 47. Nd3 Qe3 48. Nc5 Kh6 49. Rd3 Qc1 50. Kd5 Kg5 51. Nd7 Qb2 52. Nxe5 b3
53. Nf3+ Kf4 54. Nd4 Qa2 55. Rf3+ Kg4 56. Rxb3 h3 57. Ke5 Qa5+ 58. Nb5 h2 59.
Rb1 g5 60. Bd5 Qd2 61. Nd6 Qf4+ 62. Ke6 Qe3+ 63. Ne4 Qg1 64. Nf6+ Kf4 65. Rb4+
Ke3 66. Rg4 h1=Q 67. Bxh1 Qxh1 68. Rxg5 1/2-1/2

[Event "ch-CHN 2016"]
[Site "Xinghua CHN"]
[Date "2016.04.22"]
[Round "6.6"]
[White "Wang, Chen"]
[Black "Xu, Jun"]
[Result "0-1"]
[WhiteTitle "IM"]
[BlackTitle "GM"]
[WhiteElo "2514"]
[BlackElo "2527"]
[WhiteFideId "8601020"]
[BlackFideId "8600031"]
[EventDate "2016.04.17"]

1. e4 c5 2. Nc3 d6 3. g3 Nc6 4. Bg2 g6 5. Nge2 Bg7 6. O-O e6 7. d3 Nge7 8. Be3
Nd4 9. Kh1 O-O 10. f4 Rb8 11. Bf2 Nec6 12. g4 f5 13. gxf5 exf5 14. Nxd4 Nxd4 15.
Qd2 Qa5 16. Rae1 Bd7 17. Qc1 Rbe8 18. Bg3 Bc6 19. a3 b5 20. Ne2 Nxe2 21. Rxe2 b4
22. axb4 cxb4 23. Rfe1 Qb5 24. Qa1 a5 25. Qa2+ Kh8 26. c4 bxc3 27. bxc3 Qxd3 28.
Rd2 Qb5 29. Rb1 Qa6 30. Rxd6 fxe4 31. c4 Rd8 32. Rbd1 Rxd6 33. Rxd6 a4 0-1

[Event "ch-CHN 2016"]
[Site "Xinghua CHN"]
[Date "2016.04.24"]
[Round "7.1"]
[White "Xu, Jun"]
[Black "Zhou, Weiqi"]
[Result "1/2-1/2"]
[WhiteTitle "GM"]
[BlackTitle "GM"]
[WhiteElo "2527"]
[BlackElo "2635"]
[WhiteFideId "8600031"]
[BlackFideId "8601674"]
[EventDate "2016.04.17"]

1. Nf3 Nf6 2. c4 e6 3. g3 b6 4. Bg2 Bb7 5. d4 Be7 6. Nc3 Ne4 7. Bd2 f5 8. d5 O-O
9. Qc2 Nxd2 10. Qxd2 Na6 11. O-O Nc5 12. dxe6 dxe6 13. Qe3 Qc8 14. Rad1 a5 15.
Ne5 Bxg2 16. Kxg2 Bf6 17. Nd3 Bxc3 18. Nxc5 Bxb2 19. Qxe6+ Rf7 20. Rd2 Qxe6 21.
Nxe6 Be5 22. Rd5 Bd6 23. c5 bxc5 24. Nxc5 Rb8 25. Na4 f4 26. Rxa5 Re8 27. Nb2
Rxe2 28. Nc4 f3+ 29. Kh3 Bf8 30. g4 c5 31. Ra8 g6 32. Kg3 Kg7 33. Rd1 h5 34.
gxh5 gxh5 35. Rd2 Kh7 36. Rad8 h4+ 37. Kh3 Rf4 38. R2d7+ Kg8 39. Rd5 Rxf2 40.
Rxc5 Re2 41. Rg5+ Kh7 42. Ne5 Kh6 43. Rg4 Rf5 44. Rxh4+ Kg5 45. Rg4+ Kh6 46.
Rh4+ Kg5 47. Rg4+ Kh6 48. Rh4+ Kg5 49. Rg4+ Kh6 50. Rh4+ Kg5 51. Rg4+ Kh6 52.
Rh4+ Kg5 53. Rg4+ Kh6 54. Rh4+ Kg5 55. Rg4+ 1/2-1/2

[Event "ch-CHN 2016"]
[Site "Xinghua CHN"]
[Date "2016.04.24"]
[Round "7.3"]
[White "Gao, Rui"]
[Black "Lu, Shanglei"]
[Result "1/2-1/2"]
[WhiteTitle "GM"]
[BlackTitle "GM"]
[WhiteElo "2552"]
[BlackElo "2619"]
[WhiteFideId "8602387"]
[BlackFideId "8603332"]
[EventDate "2016.04.17"]

1. e4 c5 2. Nf3 Nc6 3. Nc3 g6 4. d4 cxd4 5. Nxd4 Bg7 6. Be3 Nf6 7. Bc4 O-O 8.
Bb3 d6 9. f3 Bd7 10. Qd2 Nxd4 11. Bxd4 b5 12. a4 b4 13. Nd5 Nxd5 14. exd5 Bxd4
15. Qxd4 Qb6 16. Rd1 Qxd4 17. Rxd4 a5 18. Kd2 Rac8 19. Re1 Rfe8 20. g4 Rc5 21.
h3 Kf8 22. Rde4 Bc8 23. Rd4 Ba6 24. h4 Rec8 25. Ree4 R8c7 26. Kd1 Ke8 27. Kd2
Kf8 28. Kd1 Ke8 29. Kd2 Kf8 30. Kd1 Ke8 1/2-1/2

[Event "ch-CHN 2016"]
[Site "Xinghua CHN"]
[Date "2016.04.24"]
[Round "7.4"]
[White "Wen, Yang"]
[Black "Zhao, Jun"]
[Result "1/2-1/2"]
[WhiteTitle "GM"]
[BlackTitle "GM"]
[WhiteElo "2614"]
[BlackElo "2634"]
[WhiteFideId "8602956"]
[BlackFideId "8602522"]
[EventDate "2016.04.17"]

1. e4 e5 2. Nf3 Nc6 3. Bb5 Nf6 4. O-O Nxe4 5. Re1 Nd6 6. Nxe5 Be7 7. Bf1 Nxe5 8.
Rxe5 O-O 9. Nc3 Ne8 10. Nd5 Bd6 11. Re1 c6 12. Ne3 Bc7 13. Nf5 d5 14. Ne7+ Kh8
15. Nxc8 Qxc8 16. d4 Qd7 17. Qf3 Nd6 18. Bf4 Ne4 19. Bxc7 Qxc7 20. Bd3 f5 21. c3
Rae8 22. Qe2 g6 23. f3 Nf6 24. Qd2 Kg7 25. Rxe8 Rxe8 26. Re1 Rxe1+ 27. Qxe1 Kf7
28. g3 Qe7 29. Qxe7+ Kxe7 30. Kf2 Ke6 1/2-1/2

[Event "ch-CHN 2016"]
[Site "Xinghua CHN"]
[Date "2016.04.24"]
[Round "7.5"]
[White "Bai, Jinshi"]
[Black "Zhou, Jianchao"]
[Result "1-0"]
[WhiteTitle "GM"]
[BlackTitle "GM"]
[WhiteElo "2564"]
[BlackElo "2612"]
[WhiteFideId "8602280"]
[BlackFideId "8603537"]
[EventDate "2016.04.17"]

1. d4 Nf6 2. c4 e6 3. g3 Bb4+ 4. Nd2 d5 5. Bg2 O-O 6. Nf3 dxc4 7. Qc2 a5 8. Qxc4
b6 9. Qc2 Bb7 10. O-O Nbd7 11. Nc4 Be4 12. Qd1 b5 13. Nce5 Nxe5 14. dxe5 Qxd1
15. Rxd1 Nd5 16. Nd4 Bxg2 17. Kxg2 a4 18. e4 Nb6 19. Nxb5 Ra5 20. Nxc7 Rc8 21.
Bd2 Bxd2 22. Rxd2 Nc4 23. Rd4 Nxe5 24. Rc1 h5 25. Rc3 Rb8 26. Rd2 Rb4 27. f4 Nc4
28. a3 Rxb2 29. Rxb2 Nxb2 30. Kf3 Ra7 31. Ke2 Rb7 32. Kd2 Rb3 33. Rxb3 axb3 34.
Kc3 Nd1+ 35. Kxb3 Kf8 36. a4 Ke7 37. a5 Kd7 38. Ne8 Nf2 39. e5 g6 40. Nd6 Kc6
41. Nxf7 Ng4 42. h4 Ne3 43. Nd8+ Kb5 44. Nxe6 Nf5 45. Nf8 Ne7 46. e6 Kxa5 47.
Nxg6 Nxg6 48. f5 1-0

[Event "ch-CHN 2016"]
[Site "Xinghua CHN"]
[Date "2016.04.24"]
[Round "7.6"]
[White "Xu, Yinglun"]
[Black "Zeng, Chongsheng"]
[Result "1/2-1/2"]
[BlackTitle "GM"]
[WhiteElo "2523"]
[BlackElo "2549"]
[WhiteFideId "8604940"]
[BlackFideId "8603847"]
[EventDate "2016.04.17"]

1. d4 Nf6 2. c4 e6 3. Nf3 b6 4. g3 Bb7 5. Bg2 Be7 6. O-O O-O 7. Nc3 Ne4 8. Bd2
Bf6 9. Be1 c5 10. Rc1 cxd4 11. Nxd4 Nxc3 12. Bxc3 Bxg2 13. Kxg2 d5 14. cxd5
Qxd5+ 15. Nf3 Qxd1 16. Rfxd1 Na6 17. Bxf6 gxf6 18. Rc4 Rfc8 19. Ra4 Nc5 20. Rg4+
Kf8 21. Rh4 Kg7 22. Rdd4 f5 23. g4 Ne4 24. gxf5 exf5 25. Rf4 Rc2 26. Rxf5 Re8
27. Rd7 Nf6 28. Rxa7 Rcxe2 29. b3 h6 30. a4 R8e4 31. Kf1 Kg6 32. Nh4+ Rxh4 33.
Rxf6+ Kxf6 34. Kxe2 Rb4 1/2-1/2

[Event "ch-CHN 2016"]
[Site "Xinghua CHN"]
[Date "2016.04.25"]
[Round "8.1"]
[White "Zhou, Weiqi"]
[Black "Zeng, Chongsheng"]
[Result "0-1"]
[WhiteTitle "GM"]
[BlackTitle "GM"]
[WhiteElo "2635"]
[BlackElo "2549"]
[WhiteFideId "8601674"]
[BlackFideId "8603847"]
[EventDate "2016.04.17"]

1. c4 Nf6 2. g3 c5 3. Bg2 e6 4. Nf3 a6 5. O-O b5 6. b3 Bb7 7. Nc3 b4 8. Na4 d6
9. d4 Nbd7 10. a3 a5 11. dxc5 dxc5 12. Bf4 Be7 13. Ne5 Bxg2 14. Kxg2 g5 15. Nxd7
Nxd7 16. Bd6 Qc8 17. Bxe7 Qc6+ 18. Kg1 Kxe7 19. Qd2 h6 20. axb4 axb4 21. f4 f5
22. fxg5 hxg5 23. Qxg5+ Kf7 24. e4 Qxe4 25. Rad1 Ne5 26. Qf4 Qxf4 27. Rxf4 Rac8
28. Rf2 Rc6 29. Re2 Kf6 30. Kg2 Ra8 31. Rc2 Ng4 32. Re2 Ne5 33. Rc2 Nf7 34. Rcd2
Ng5 35. Rd6 Rxd6 36. Rxd6 Ne4 37. Rd3 Ke7 38. Kf3 Rh8 39. Kg2 Rb8 40. Kf3 Rh8
41. Kg2 Ra8 42. Kf3 Ra5 43. Kf4 Nd6 44. Nb6 Ra2 45. h4 Rf2+ 46. Ke3 Rf1 47. Ke2
Rh1 48. Ke3 Rf1 49. Ke2 Rh1 50. Ke3 Ne4 51. Kf4 Rf1+ 52. Rf3 e5+ 53. Ke3 Rxf3+
54. Kxf3 Nd2+ 55. Ke3 Nxb3 56. Na4 Kf6 57. Nb6 Kg6 58. Nd7 e4 59. Kf4 Kh6 60.
Ke3 Na5 61. Nxc5 b3 62. Kd2 Nxc4+ 63. Kc3 b2 64. Kc2 Kh5 65. Na4 Kg4 66. Nc3 e3
67. Ne2 Kf3 68. Nd4+ Kf2 0-1

[Event "ch-CHN 2016"]
[Site "Xinghua CHN"]
[Date "2016.04.25"]
[Round "8.2"]
[White "Zhou, Jianchao"]
[Black "Xu, Yinglun"]
[Result "1/2-1/2"]
[WhiteTitle "GM"]
[WhiteElo "2612"]
[BlackElo "2523"]
[WhiteFideId "8603537"]
[BlackFideId "8604940"]
[EventDate "2016.04.17"]

1. d4 d5 2. c4 e6 3. Nc3 Nf6 4. cxd5 exd5 5. Bg5 c6 6. e3 h6 7. Bh4 Bf5 8. Qf3
Bg6 9. Bxf6 Qxf6 10. Qxf6 gxf6 11. Nge2 Nd7 12. Nf4 Bd6 13. g3 O-O-O 14. h4 h5
15. O-O-O Rde8 16. Be2 Kd8 17. Rhg1 a6 18. Bf3 Kc7 19. Nce2 Reg8 20. Nd3 Rc8 21.
Kb1 Nf8 22. Ka1 Ne6 23. Rd2 Kd7 24. Rc1 Ke7 25. a3 Rc7 26. Nc3 Kf8 27. Na4 Kg7
28. Ka2 Re7 29. Nac5 Nxc5 30. Nxc5 Rc8 31. Nb3 Rec7 32. Be2 Kh6 33. Rc3 Bf5 34.
Bf1 Kg6 35. Ka1 b6 36. Nc1 a5 37. Bd3 Bxd3 38. Nxd3 Kf5 39. b4 a4 40. Rdc2 Ke6
41. Kb1 Kd7 42. Kc1 f5 43. Kd2 b5 44. Ke2 Re8 45. Kf3 Re4 46. Rc1 Rc8 47. R3c2
f6 48. Nb2 Ree8 49. Nd1 Bb8 50. Nc3 Bd6 51. Ne2 Re4 52. Nc3 Ree8 53. Ne2 1/2-1/2

[Event "ch-CHN 2016"]
[Site "Xinghua CHN"]
[Date "2016.04.25"]
[Round "8.3"]
[White "Zhao, Jun"]
[Black "Bai, Jinshi"]
[Result "0-1"]
[WhiteTitle "GM"]
[BlackTitle "GM"]
[WhiteElo "2634"]
[BlackElo "2564"]
[WhiteFideId "8602522"]
[BlackFideId "8602280"]
[EventDate "2016.04.17"]

1. e4 e5 2. Nf3 Nf6 3. Nxe5 d6 4. Nf3 Nxe4 5. Nc3 Nxc3 6. dxc3 Be7 7. Be3 Nc6 8.
Qd2 Ne5 9. Nxe5 dxe5 10. Qxd8+ Bxd8 11. Bc4 O-O 12. O-O-O Bf6 13. f3 h5 14. Rhg1
h4 15. g3 hxg3 16. hxg3 Re8 17. g4 g6 18. Rh1 a6 19. Rh2 Be6 20. g5 Bg7 21. Bxe6
Rxe6 22. Rd7 Rc8 23. c4 Bf8 24. c5 b6 25. b4 bxc5 26. bxc5 Rc6 27. Rd5 Re6 28.
Kb2 Rb8+ 29. Kc3 Rb1 30. Rd8 Kg7 31. Kc4 Re1 32. Bd2 Rg1 33. f4 Rg4 34. Kb3 Rg3+
35. Bc3 Rc6 36. Rd3 Rxd3 37. cxd3 Bxc5 38. Bxe5+ Kf8 39. d4 Bd6 40. Bf6 Ke8 41.
d5 Rb6+ 42. Kc3 c6 43. Bd4 Rb1 44. dxc6 Rc1+ 45. Rc2 Rxc2+ 46. Kxc2 Kd8 47. Be5
Kc7 48. Kc3 Kxc6 49. Bxd6 Kxd6 50. Kd4 Ke6 51. Kc5 Kf5 52. Kb6 Kxf4 53. Kxa6
Kxg5 54. Kb5 f5 55. Kc4 Kf6 56. a4 Ke5 0-1

[Event "ch-CHN 2016"]
[Site "Xinghua CHN"]
[Date "2016.04.25"]
[Round "8.4"]
[White "Lu, Shanglei"]
[Black "Wen, Yang"]
[Result "1/2-1/2"]
[WhiteTitle "GM"]
[BlackTitle "GM"]
[WhiteElo "2619"]
[BlackElo "2614"]
[WhiteFideId "8603332"]
[BlackFideId "8602956"]
[EventDate "2016.04.17"]

1. e4 c5 2. Nf3 d6 3. d4 cxd4 4. Nxd4 Nf6 5. Nc3 a6 6. Be3 e5 7. Nb3 Be7 8. f3
O-O 9. Qd2 Be6 10. O-O-O Nbd7 11. g4 b5 12. g5 b4 13. Ne2 Ne8 14. f4 a5 15. f5
a4 16. fxe6 axb3 17. exf7+ Rxf7 18. cxb3 Rxa2 19. Ng3 Rxf1 20. Rhxf1 Ra1+ 21.
Kc2 Qc8+ 22. Kd3 Qa6+ 23. Kc2 Qc6+ 24. Kd3 Qa6+ 25. Kc2 Qc6+ 26. Kd3 Qa6+ 1/2-1/2

[Event "ch-CHN 2016"]
[Site "Xinghua CHN"]
[Date "2016.04.25"]
[Round "8.5"]
[White "Wang, Chen"]
[Black "Gao, Rui"]
[Result "1/2-1/2"]
[WhiteTitle "IM"]
[BlackTitle "GM"]
[WhiteElo "2514"]
[BlackElo "2552"]
[WhiteFideId "8601020"]
[BlackFideId "8602387"]
[EventDate "2016.04.17"]

1. e4 c5 2. Nf3 d6 3. Bb5+ Nd7 4. O-O a6 5. Bxd7+ Bxd7 6. d4 cxd4 7. Qxd4 e5 8.
Qd3 h6 9. c4 b5 10. Nc3 bxc4 11. Qxc4 Nf6 12. Rd1 Be7 13. Be3 O-O 14. Rac1 Be6
15. Qd3 Qa5 16. Nd2 Rac8 17. h3 Rfd8 18. Nb3 Qb4 19. Qxa6 Ra8 20. Qb6 Qxb6 21.
Bxb6 Rdb8 22. Bc7 Bxb3 23. axb3 Rxb3 24. Bxd6 Bxd6 25. Rxd6 Rxb2 26. Rc6 Rd2 27.
Rc5 Re8 28. Re1 Rc2 29. Na4 Ra2 30. Nc3 Rc2 31. Na4 Rd2 32. Nc3 Rc2 33. Na4 Ra2 1/2-1/2

[Event "ch-CHN 2016"]
[Site "Xinghua CHN"]
[Date "2016.04.26"]
[Round "9.2"]
[White "Gao, Rui"]
[Black "Xu, Jun"]
[Result "1-0"]
[WhiteTitle "GM"]
[BlackTitle "GM"]
[WhiteElo "2552"]
[BlackElo "2527"]
[WhiteFideId "8602387"]
[BlackFideId "8600031"]
[EventDate "2016.04.17"]

1. e4 e5 2. Nf3 Nc6 3. Bc4 Bc5 4. O-O d6 5. c3 Nf6 6. d3 a6 7. a4 Ba7 8. Na3 h6
9. Nc2 O-O 10. Be3 Ne7 11. Bxa7 Rxa7 12. Ne3 Ng6 13. a5 c6 14. Qb3 Nf4 15. g3 d5
16. exd5 cxd5 17. gxf4 dxc4 18. Qb6 exf4 19. Qxa7 fxe3 20. Qxe3 cxd3 21. Qd4 Bg4
22. Qxd8 Rxd8 23. Nd4 Be2 24. Rfe1 Re8 25. Nxe2 dxe2 26. Ra4 g5 27. Kg2 Nd5 28.
Kf3 f5 29. h3 h5 30. Rd4 Re5 31. Rd2 g4+ 32. hxg4 hxg4+ 33. Kg3 Nf6 34. Kf4 Rxa5
35. Rexe2 Kf7 36. Re5 Rxe5 37. Kxe5 Ne4 38. Rd8 Nxf2 39. Kxf5 g3 40. Rd7+ Kf8
41. Rd8+ Kf7 42. Rd7+ Kf8 43. Rd6 Ke7 44. Rg6 Nd1 45. Rb6 g2 46. Rxb7+ Kd6 47.
Rg7 Kc5 48. Ke4 1-0

[Event "ch-CHN 2016"]
[Site "Xinghua CHN"]
[Date "2016.04.26"]
[Round "9.3"]
[White "Wen, Yang"]
[Black "Wang, Chen"]
[Result "1/2-1/2"]
[WhiteTitle "GM"]
[BlackTitle "IM"]
[WhiteElo "2614"]
[BlackElo "2514"]
[WhiteFideId "8602956"]
[BlackFideId "8601020"]
[EventDate "2016.04.17"]

1. Nf3 d5 2. d4 Nf6 3. c4 e6 4. g3 g6 5. Bg2 Bg7 6. O-O O-O 7. Bf4 Ne4 8. Qc1 c6
9. Bh6 b6 10. Bxg7 Kxg7 11. Nbd2 Nxd2 12. Qxd2 Ba6 13. b3 Qe7 14. Rfc1 Nd7 15.
a4 Rac8 16. e3 Rfd8 17. a5 Nb8 18. axb6 axb6 19. Qb2 Rc7 20. Ne5 Bb7 21. b4 f6
22. Nd3 dxc4 23. Rxc4 Ba6 24. Rc3 e5 25. Rca3 Bb5 26. Bf1 Rcd7 27. Bh3 Rc7 28.
Ne1 exd4 29. Nf3 Bc4 30. Nxd4 c5 31. bxc5 bxc5 1/2-1/2

[Event "ch-CHN 2016"]
[Site "Xinghua CHN"]
[Date "2016.04.26"]
[Round "9.4"]
[White "Bai, Jinshi"]
[Black "Lu, Shanglei"]
[Result "1/2-1/2"]
[WhiteTitle "GM"]
[BlackTitle "GM"]
[WhiteElo "2564"]
[BlackElo "2619"]
[WhiteFideId "8602280"]
[BlackFideId "8603332"]
[EventDate "2016.04.17"]

1. d4 Nf6 2. c4 e6 3. g3 d5 4. Bg2 dxc4 5. Nf3 c5 6. O-O Nc6 7. dxc5 Qxd1 8.
Rxd1 Bxc5 9. Nbd2 c3 10. bxc3 O-O 11. Nb3 Be7 12. c4 Bd7 13. Bb2 Rfd8 14. Nfd4
Rac8 15. Nb5 b6 16. Nd6 Rc7 17. Nb5 Rcc8 18. Nd6 Rc7 19. Nb5 Rcc8 20. Nd6 Rc7 1/2-1/2

[Event "ch-CHN 2016"]
[Site "Xinghua CHN"]
[Date "2016.04.26"]
[Round "9.5"]
[White "Xu, Yinglun"]
[Black "Zhao, Jun"]
[Result "1/2-1/2"]
[BlackTitle "GM"]
[WhiteElo "2523"]
[BlackElo "2634"]
[WhiteFideId "8604940"]
[BlackFideId "8602522"]
[EventDate "2016.04.17"]

1. d4 Nf6 2. c4 c5 3. d5 e6 4. Nc3 exd5 5. cxd5 d6 6. Nf3 g6 7. e4 Bg7 8. Be2
O-O 9. O-O Bg4 10. Be3 Bxf3 11. Bxf3 Nbd7 12. a4 a6 13. a5 Ne8 14. Qa4 Nc7 15.
Rfe1 Rb8 16. Rac1 b5 17. axb6 Rxb6 18. Qc2 Qe7 19. Bg4 Nf6 20. Bh3 Rfb8 21. e5
Rxb2 22. exf6 Rxc2 23. fxe7 Bxc3 24. Rxc2 Bxe1 25. Bd7 Bb4 26. Bf4 Ne8 27. g4 f6
28. Bxe8 Rxe8 29. Bxd6 Kf7 30. Bxc5 Bxc5 31. Rxc5 1/2-1/2

[Event "ch-CHN 2016"]
[Site "Xinghua CHN"]
[Date "2016.04.26"]
[Round "9.6"]
[White "Zeng, Chongsheng"]
[Black "Zhou, Jianchao"]
[Result "1/2-1/2"]
[WhiteTitle "GM"]
[BlackTitle "GM"]
[WhiteElo "2549"]
[BlackElo "2612"]
[WhiteFideId "8603847"]
[BlackFideId "8603537"]
[EventDate "2016.04.17"]

1. d4 Nf6 2. c4 e6 3. g3 Bb4+ 4. Nd2 d5 5. Bg2 O-O 6. Nf3 dxc4 7. Qc2 a5 8. Qxc4
b6 9. Qc2 Bb7 10. O-O Nbd7 11. Nc4 Be4 12. Qd1 Bd5 13. Nce5 Nxe5 14. dxe5 Nd7
15. Qc2 Be7 16. Rd1 c5 17. e4 Bc6 18. Nd2 Qc7 19. f4 b5 20. a4 c4 21. axb5 Bxb5
22. Bf1 Rfc8 23. Nb1 Nc5 24. Be3 Nd3 25. Bxd3 cxd3 26. Qxc7 Rxc7 27. Nc3 Bc4 28.
Na4 Ra6 29. Kf2 Bb4 30. Bd4 h5 31. Bc3 Bb5 32. Ke3 Rc4 33. Bxb4 axb4 34. b3 Rc2
35. Rd2 Kf8 36. Rxc2 dxc2 37. Kd2 Rc6 38. Kc1 Bd3 39. Nb2 Bxe4 40. Nc4 Bd5 41.
Ra8+ Ke7 42. Ra7+ Kd8 43. Kxc2 Bxc4 44. bxc4 Rxc4+ 45. Kb3 Rc7 1/2-1/2